000 00449 a2200169 4500
001 187717
020 _a978-85-16-05828-9
040 _cMagnum
100 _aMc Donald, Megan
240 1 0 _aChiclete e o incrível quebra-queixo supergalático
_lpor
245 1 0 _aChiclete e o incrível quebra-queixo supergalático
300 _a144
362 0 _a2008
440 1 _aSalamandra
697 _aLITERATURA INFANTO-JUVENIL ESTRANGEIRA
942 _cBK
999 _c187717
_d187717